Çalışma hayatı istatistikleri 2003 (Record no. 9285)

MARC details
000 -BAŞLIK
Sabit Uzunlukta Kontrol Alanı 01246na a2200337 4500
001 - KONTROL NUMARASI
Denetim Alanı 15159
003 - KONTROL NUMARASI IDENTIFIER
Denetim Alanı MIRAKIL
005 - SON İŞLEM TARİHİ VE ZAMANI
Denetim Alanı 20181213155242.0
008 - SABİT-BOY VERİ ELEMANLARI - GENEL BİLGİLER
Sabit Uzunlukta Kontrol Alanı 160920b tu 000 0
020 ## - ULUSLARARASI STANDART KİTAP NUMARASI
Uluslararası Standart Kitap Numarası 9754550816
022 ## - ULUSLARARASI STANDART SERİ NUMARASI
Uluslararası Standart Süreli Yayın Numarası 13012908
035 ## - SİSTEM KONTROL NUMARASI
Sistem Kontrol Numarası 15159
040 ## - KATALOGLAMA KAYNAK
Orijinal Kataloglama Ajansı Milas
Kataloglama Dili tur
Metne Dönüştürmek Ajansı TR-AnCHP
041 ## - DİL KODU
Metin / Ses Parça Veya Ayrı Başlığın Dil Kodu tur
-- eng
082 ## - DEWEY ONLU SINIFLANDIRMA NUMARASI
Sınıflandırma Numarası 331.8021 2003
Ürün Numarası Ç73ç 2004
090 ## - SINIFLAMA NUMARASI
Sınıflama Numarası 331.8021 2003 Ç73ç 2004
110 ## - ANA GİRİŞ - KURUMSAL ADI
Giriş Elemanı Olarak Kurumsal Ad Veya Yargı Alanı Adı Çalışma ve Sosyal Güvenlik Bakanlığı (ÇSGB)
245 ## - BAŞLIK TABLOSU
Başlık Çalışma hayatı istatistikleri 2003
Başlığın Kalan = Labour statistics
Sorumluluk Tablosu, Vb Çalışma ve Sosyal Güvenlik Bakanlığı
246 ## - UNVAN FORM VARYING
Başlık Doğru / Kısa Başlığı Labour statistics
260 ## - YAYIN, DAĞITIM, VB
Yayın, Dağıtım, Vb Yeri Ankara
Yayıncı, Dağıtıcı, Vs Adı Çalışma ve Sosyal Güvenlik Bakanlığı
Yayın, Dağıtım, Vb Tarihi 2004
300 ## - FİZİKSEL TANIM
Kapsam 224 s.
Diğer Fiziksel Ayrıntıları tbl. , grf.
Boyutlar 24 sm.
490 ## - SERİSİ TABLOSU
Seri Beyanı Çalışma Genel Müdürlüğü
Hacim / Ardışık Tanımı 29
490 ## - SERİSİ TABLOSU
Seri Beyanı Çalışma ve Sosyal Güvenlik Bakanlığı
Hacim / Ardışık Tanımı 115
546 ## - DİL NOTU
Dil Notu Metinler Türkçe-İngilizce karşılıklıdır.
650 ## - KONU KATMA GİRİŞ - TOPİKAL DÖNEM
Topikal Süreli Veya Coğrafi Ad Giriş Elemanı Çalışma ekonomisi
Form Alt Bölümü İstatistikler
Kronolojik Alt Bölümü Süreli yayınlar
Coğrafi Alt Bölümü Türkiye
650 ## - KONU KATMA GİRİŞ - TOPİKAL DÖNEM
Topikal Süreli Veya Coğrafi Ad Giriş Elemanı Ücretler
Kronolojik Alt Bölümü İstatistikler
Coğrafi Alt Bölümü Türkiye
650 ## - KONU KATMA GİRİŞ - TOPİKAL DÖNEM
Topikal Süreli Veya Coğrafi Ad Giriş Elemanı Sendikalar
Kronolojik Alt Bölümü İstatistikler
Coğrafi Alt Bölümü Türkiye
650 ## - KONU KATMA GİRİŞ - TOPİKAL DÖNEM
Topikal Süreli Veya Coğrafi Ad Giriş Elemanı Sınai ilişkiler
Kronolojik Alt Bölümü İstatistikler
Coğrafi Alt Bölümü Türkiye
651 ## - KONU KATMA GİRİŞ - COĞRAFİ ADI
Coğrafi İsim Türkiye
Genel Alt Bölümü Ekonomik durum
Kronolojik Alt Bölümü İstatistikler
942 ## - EKLENDİ GİRİŞ ELEMANLARI (KOHA)
Sınıflandırma Veya Raf Düzeni Kaynak Dewey Decimal Classification
Koha Öğesi Türü Books
999 ## - SİSTEM KONTROL NUMARALARI (KOHA)
Koha Biblionumber 9285
Koha Biblioitemnumber 9285
Holdings
Kalıcı Konum Mevcut Konum Edinme Tarihi Edinim Kaynak Toplam Check-Out'Lar Tam Çağrı Numarası Barkod Tarih Son Görülme İtibaren Geçerli Fiyatlar Koha Öğesi Türü Kopya Sayısı
CHP Kütüphanesi CHP Kütüphanesi 09/05/2016 Bağış   331.8021 2003 Ç73ç 2004 003785 09/05/2016 09/05/2016 Books  
CHP Kütüphanesi CHP Kütüphanesi 09/05/2016 Bağış   331.8021 2003 Ç73ç 2004 003786 09/05/2016 09/05/2016 Books k.2